Premier League 25/26 - Statistics

Statistiche generali
  • Questo quiz è stato fatto 20 volte
  • Il punteggio medio è 16 su 20
Statistiche sulle risposte
con Immagini Risposta % Corretto
Arsenal
100%
Manchester City
100%
Manchester United
100%
Chelsea
94%
Liverpool
94%
West Ham
88%
Brentford
81%
Brighton
81%
Burnley
81%
Everton
81%
Aston Villa
75%
Crystal Palace
75%
Fulham
75%
Leeds United
75%
Newcastle
75%
Nottingham Forest
69%
Tottenham Hotspur
69%
Wolverhampton
69%
Bournemouth
63%
Sunderland
63%
Nessun quiz corrispondente trovato
Distribuzione punteggi
Percentuale di utenti per punteggio
Percentile per numero di risposta
I tuoi punteggi nel tempo
Non hai fatto questo quiz